000 00804nam a2200217 a 4500
999 _c5262
_d5262
001 5262
003 BD-JhCC
005 20171213084516.0
008 171211s1984 bg |||| ||a| 00| 0 ben d
035 _a(BD-JhCC) 5262
040 _aBD-JhCC
_dBD-JhCC
041 _aben
082 _a332.1068
_bMOZ 1984
100 _aমজুমদার, এ.কে.এম.ইমদাদুল হক
245 _aব্যাংকব্যবস্থা ও মুদ্রাতত্ত্বের আধুনিক বিশ্লেষণ /
_c এ.কে.এম.ইমদাদুল হক মজুমদার
260 _aঢাকা :
_bবাংলা একাডেমী ঢাকা ,
_c1984
300 _a211 p .:
_c22 cm .
650 _aBank Management
942 _2ddc
_cBK